00552nam a2200193 a 450000100060000000300080000600500170001400800410003103500190007204000230009104100080011408200240012210000320014624500570017826000540023530000260028950400310031565000120034661002BD-RjUL20211209080918.0170105s1951 cau b 000 0 eng d a(BD-RjUL)61126 aDLCcCWRdSERbeng aeng 223a398.6bTAE 19511 aTaylor, Archer,d1890-1973.10aEnglish riddles from oral tradition /cArcher Taylor aBerkeley :bUniversity of California Press,c1951 axxxi, 959 p. ;c24 cm aBibliography: p. [869]-897 0aRiddles